| 000 | 00410nam a2200169Ia 4500 | ||
|---|---|---|---|
| 008 | 230524s9999 xx 000 0 und d | ||
| 020 | _a9788131715024 | ||
| 082 |
_a621.8 _bHIB |
||
| 100 | _a"R.C,Hibbeler " | ||
| 245 | 0 | _aMechanics of Materials () (SI Units) | |
| 250 | _a6 | ||
| 260 |
_aNew Delhi _bPearson _c2012 |
||
| 300 | _a808 | ||
| 500 | _aQuantity Number: 2 | ||
| 650 | _aMechanics | ||
| 942 | _cBK | ||
| 999 |
_c52018 _d52018 |
||